Nonlinear Economic Dynamics

Uložené v:
Podrobná bibliografia
Ďalší autori: Grandmont, Jean-Michel
Médium: Kniha
Jazyk:English
Vydavateľské údaje: Boston Academic Press 1987
Vydanie:1. ed.
Predmet:
Tagy: Pridať tag
Žiadne tagy, Buďte prvý, kto otaguje tento záznam!

MARC

LEADER 00000nam a2200000 4500
001 c013539
005 20221219120310.2
020 |a 0-12-295140-9 
041 0 |a eng 
044 |a US 
245 1 0 |a Nonlinear Economic Dynamics  |c Edit. Jean-Michel Grandmont 
250 |a 1. ed. 
264 1 |a Boston  |b Academic Press  |c 1987 
300 |a 195 s. 
610 2 0 |a dynamika ekonomiky 
610 2 0 |a cykly hospodárske 
610 2 0 |a modely matematické 
610 2 0 |a modely lineárne 
610 2 0 |a teórie ekonomické 
700 1 |a Grandmont, Jean-Michel